<?xml version="1.0" encoding="UTF-8"?>
<marc:record xmlns:marc="http://www.loc.gov/MARC21/slim">
   <marc:leader>00000nam a2200000 a 4500</marc:leader>
   <marc:datafield ind1="0" ind2="0" tag="245">
      <marc:subfield code="a">Würfelkönig</marc:subfield>
   </marc:datafield>
   <marc:datafield ind1="0" ind2="0" tag="245">
      <marc:subfield code="b">Das Brettspiel</marc:subfield>
   </marc:datafield>
   <marc:datafield ind1=" " ind2="1" tag="264">
      <marc:subfield code="b">HABA</marc:subfield>
   </marc:datafield>
   <marc:datafield ind1="1" ind2=" " tag="520">
      <marc:subfield code="a">Von überallher haben sich Menschen, Zwerge, Feen, Gnome und Elfen zusammengefunden, um friedlich im Königreich zu leben. Doch so langsam wird es eng. Neue Ländereien müssen besiedelt werden! Mit Geschick und Glück erwürfeln sich die Spieler die besten Karten, um viele, möglichst zusammenhängende Felder auf der Landkarte zu besetzen. Wer sich die besten Plätze und die meisten Edelsteine sichern kann, gewinnt. Mit diesem Familienspiel ab 8 Jahren setzt HABA die Spielwelt des beliebten Kartenspiels Würfelkönig als Brettspiel um. Das detailreiche Spielmaterial sorgt für eine spannende Atmosphäre in einer tollen Fantasy-Welt.</marc:subfield>
   </marc:datafield>
   <marc:datafield ind1="3" ind2=" " tag="024">
      <marc:subfield code="a">4010168259291</marc:subfield>
   </marc:datafield>
</marc:record>
